[Event "2021 FIDE Online Olympiad"]
[Site "Chess.com"]
[Date "2021.08.27"]
[Round "2.6"]
[White "Grybauskaite, Ugne"]
[Black "Pelomoh, Jessica"]
[Result "0-1"]
[WhiteElo "1000"]
[BlackElo "1737"]
[PlyCount "74"]
[EventDate "2021.08.27"]
[EventType "team"]
[EventRounds "9"]
[SourceVersionDate "2018.05.14"]
[WhiteTeam "ICCD"]
[BlackTeam "Nigeria"]
[BlackTeamCountry "NGR"]

1. e4 e6 2. Nc3 d5 3. e5 c5 4. Bb5+ Nc6 5. Bxc6+ bxc6 6. Nf3 Ba6 7. d3 c4 8.
Bg5 Qa5 9. Qd2 Bb4 10. a3 cxd3 11. cxd3 Ne7 12. O-O Bxc3 13. bxc3 Ng6 14. c4
Qxd2 15. Nxd2 Nxe5 16. d4 Nxc4 17. Nxc4 Bxc4 18. Rac1 Bxf1 19. Kxf1 Kd7 20. a4
f6 21. Be3 e5 22. a5 a6 23. g3 Rab8 24. f4 exd4 25. Bxd4 Rb5 26. Bc3 Rc5 27.
Bd2 Rxc1+ 28. Bxc1 c5 29. Ke2 Kc6 30. h4 c4 31. Bd2 d4 32. Kf3 Kd5 33. Ke2 Ke4
34. Kf2 c3 35. Bc1 d3 36. Ke1 Kf3 37. Bd2 c2 0-1

[Event "2021 FIDE Online Olympiad"]
[Site "Chess.com"]
[Date "2021.08.27"]
[Round "2.1"]
[White "Mohamed Saeed, Laily"]
[Black "Miguel, Sergio"]
[Result "0-1"]
[WhiteElo "1591"]
[BlackElo "2179"]
[PlyCount "78"]
[EventDate "2021.08.27"]
[EventType "team"]
[EventRounds "9"]
[SourceVersionDate "2018.05.14"]
[WhiteTeam "United Arab Emirates"]
[BlackTeam "Angola"]
[WhiteTeamCountry "UAE"]
[BlackTeamCountry "ANG"]

1. d4 Nf6 2. Nc3 d5 3. Bf4 e6 4. e3 Bb4 5. Bd3 c5 6. Bb5+ Nc6 7. Nge2 Nh5 8.
O-O O-O 9. dxc5 Nxf4 10. exf4 Bxc5 11. a3 a6 12. Bd3 b5 13. b4 Be7 14. Qd2 Bb7
15. Ng3 g6 16. Nce2 Qd7 17. c3 Rfd8 18. a4 bxa4 19. Rxa4 Ne5 20. Ra5 Nxd3 21.
Qxd3 Qc7 22. Qd4 Bc6 23. Nc1 Bb5 24. Re1 Bf8 25. Nd3 Bg7 26. Ne5 Rac8 27. Ra3
f6 28. Nd3 Qf7 29. Nc5 e5 30. Qd2 Bh6 31. Ne2 Bf8 32. Nxa6 d4 33. cxd4 exd4 34.
h3 d3 35. Ng3 Rc2 36. Qe3 Re8 37. Ne4 f5 38. Nac5 fxe4 39. Nxe4 Bxb4 0-1

[Event "2021 FIDE Online Olympiad"]
[Site "Chess.com"]
[Date "2021.08.27"]
[Round "2.2"]
[White "Dias, Vanderson"]
[Black "Khalifah, Khaled"]
[Result "1/2-1/2"]
[WhiteElo "2178"]
[BlackElo "1555"]
[PlyCount "75"]
[EventDate "2021.08.27"]
[EventType "team"]
[EventRounds "9"]
[SourceVersionDate "2018.05.14"]
[WhiteTeam "Angola"]
[BlackTeam "United Arab Emirates"]
[WhiteTeamCountry "ANG"]
[BlackTeamCountry "UAE"]

1. e4 c5 2. Nf3 a6 3. d4 cxd4 4. Nxd4 e5 5. Nf3 Nf6 6. Bg5 h6 7. Bxf6 Qxf6 8.
Be2 Nc6 9. Nc3 Bb4 10. Qd3 O-O 11. O-O Bxc3 12. Qxc3 b5 13. Rad1 Qe6 14. a4 b4
15. Qc5 Bb7 16. Rd6 Qe8 17. Rfd1 Rd8 18. Qb6 Ba8 19. Qxa6 f5 20. Qc4+ Kh8 21.
Nh4 Nd4 22. exf5 Rf6 23. Rxf6 gxf6 24. c3 bxc3 25. bxc3 Rc8 26. Qa6 Rc6 27. Qd3
Rxc3 28. Qd2 Kg7 29. Bf1 Rc2 30. Qe3 Qh5 31. Rxd4 exd4 32. Qe7+ Qf7 33. Qd8 Bc6
34. Ng6 Qg8 35. Qe7+ Qf7 36. Qd8 Qg8 37. Qe7+ Qf7 38. Qd8 1/2-1/2

[Event "2021 FIDE Online Olympiad"]
[Site "Chess.com"]
[Date "2021.08.27"]
[Round "2.3"]
[White "Fatima, Saif Al-Ali"]
[Black "Junior, Ednasia"]
[Result "0-1"]
[WhiteElo "1313"]
[BlackElo "1768"]
[PlyCount "108"]
[EventDate "2021.08.27"]
[EventType "team"]
[EventRounds "9"]
[SourceVersionDate "2018.05.14"]
[WhiteTeam "United Arab Emirates"]
[BlackTeam "Angola"]
[WhiteTeamCountry "UAE"]
[BlackTeamCountry "ANG"]

1. e4 c5 2. Nf3 e6 3. d4 cxd4 4. Nxd4 a6 5. Nc3 Qc7 6. Be3 Nf6 7. a3 b5 8. Bd3
b4 9. axb4 Bxb4 10. Nde2 d5 11. exd5 Nxd5 12. Bd4 e5 13. O-O Nxc3 14. Bxc3 Bxc3
15. Nxc3 O-O 16. Qh5 g6 17. Qe2 Bb7 18. Rfe1 f6 19. Bc4+ Kg7 20. Nd5 Bxd5 21.
Bxd5 Ra7 22. Ra3 Qd6 23. Rd1 Rd8 24. Rad3 Qb4 25. Rb3 Qd6 26. Rbd3 Qc5 27. Rc3
Qe7 28. g3 Rad7 29. Rcd3 Qb4 30. Rb3 Qa5 31. Ra3 Qb5 32. c4 Qb4 33. Qc2 Qc5 34.
Rad3 a5 35. Be6 Rd4 36. Bd5 Na6 37. Qc3 Rxd3 38. Rxd3 Nb4 39. Rd2 Nxd5 40. cxd5
Rxd5 41. Rxd5 Qxd5 42. Qc7+ Kh6 43. Qc1+ g5 44. Qc3 a4 45. Qb4 Qb3 46. Qf8+ Kg6
47. Qe8+ Kf5 48. Qd7+ Ke4 49. Qxh7+ f5 50. Qa7 Qxb2 51. Qxa4+ Qd4 52. Qc2+ Qd3
53. Qa4+ Kf3 54. Qa6 Qxa6 0-1

[Event "2021 FIDE Online Olympiad"]
[Site "Chess.com"]
[Date "2021.08.27"]
[Round "2.4"]
[White "Pires, Luzia"]
[Black "Almaamari, Zainab Darwish"]
[Result "1-0"]
[WhiteElo "1655"]
[BlackElo "1388"]
[PlyCount "59"]
[EventDate "2021.08.27"]
[EventType "team"]
[EventRounds "9"]
[SourceVersionDate "2018.05.14"]
[WhiteTeam "Angola"]
[BlackTeam "United Arab Emirates"]
[WhiteTeamCountry "ANG"]
[BlackTeamCountry "UAE"]

1. Nf3 d5 2. d4 e6 3. g3 Nf6 4. Bg2 c5 5. O-O Nc6 6. b3 b6 7. Bb2 Be7 8. Nbd2
O-O 9. c4 Bb7 10. Re1 Ne8 11. e4 Nb4 12. Bc3 Rc8 13. exd5 exd5 14. a3 Na6 15.
cxd5 Bxd5 16. Qe2 Bf6 17. Qxa6 cxd4 18. Bxd4 Bxd4 19. Nxd4 Bxg2 20. Kxg2 Nc7
21. Qd3 Ne6 22. N2f3 Nc5 23. Qf5 g6 24. Qg5 Qd6 25. Nf5 Qc6 26. Ne7+ Kg7 27.
Nxc6 Rxc6 28. Re7 Kg8 29. Qh6 Ne4 30. Rxe4 1-0

[Event "2021 FIDE Online Olympiad"]
[Site "Chess.com"]
[Date "2021.08.27"]
[Round "2.5"]
[White "Al Darmaky, Sultan"]
[Black "Junior, Domingos"]
[Result "0-1"]
[WhiteElo "1588"]
[BlackElo "1874"]
[PlyCount "36"]
[EventDate "2021.08.27"]
[EventType "team"]
[EventRounds "9"]
[SourceVersionDate "2018.05.14"]
[WhiteTeam "United Arab Emirates"]
[BlackTeam "Angola"]
[WhiteTeamCountry "UAE"]
[BlackTeamCountry "ANG"]

1. d4 Nf6 2. c4 e5 3. dxe5 Ng4 4. Bf4 g5 5. Bg3 Bg7 6. Nf3 Nc6 7. Nc3 Ngxe5 8.
e3 Nxf3+ 9. Qxf3 d6 10. Bd3 Ne5 11. Bxe5 Bxe5 12. O-O-O c6 13. g4 Qa5 14. Bc2
Bxc3 15. bxc3 Qxc3 16. Rxd6 Qa3+ 17. Kb1 Qxd6 18. Rd1 Qe5 0-1

[Event "2021 FIDE Online Olympiad"]
[Site "Chess.com"]
[Date "2021.08.27"]
[Round "2.6"]
[White "Paulo, Jemima"]
[Black "Rouda Essa, Alserkal"]
[Result "1-0"]
[WhiteElo "1754"]
[BlackElo "1295"]
[PlyCount "101"]
[EventDate "2021.08.27"]
[EventType "team"]
[EventRounds "9"]
[SourceVersionDate "2018.05.14"]
[WhiteTeam "Angola"]
[BlackTeam "United Arab Emirates"]
[WhiteTeamCountry "ANG"]
[BlackTeamCountry "UAE"]

1. c4 c5 2. Nc3 e6 3. Nf3 d5 4. cxd5 exd5 5. d4 Nf6 6. g3 Nc6 7. Bg2 Be6 8. O-O
Be7 9. a3 c4 10. Ne5 Rc8 11. h3 O-O 12. Nxc6 Rxc6 13. Kh2 a6 14. a4 Qb8 15. Bf4
Bd6 16. e3 Bxf4 17. gxf4 b5 18. axb5 axb5 19. b4 cxb3 20. Qxb3 b4 21. Na4 Rd8
22. Rab1 Rc4 23. Rfc1 Rxc1 24. Rxc1 Ne4 25. Qb2 Qb5 26. Nc5 Nd6 27. Bf1 Nc4 28.
Qb3 Rc8 29. Rb1 Rb8 30. Bd3 g6 31. Rc1 Rc8 32. e4 Rb8 33. exd5 Bxd5 34. Bxc4
Bxc4 35. Qxc4 Qxc4 36. Rxc4 b3 37. Rc1 b2 38. Rb1 Rb4 39. Nd3 Rxd4 40. Nxb2
Rxf4 41. Kg3 Rb4 42. Kf3 Kg7 43. Ke2 Rb3 44. h4 Rh3 45. Nd3 Rxh4 46. f3 Rh2+
47. Ke3 f5 48. Nf4 g5 49. Rb7+ Kf6 50. Rb6+ Ke5 51. Re6# 1-0

[Event "2021 FIDE Online Olympiad"]
[Site "Chess.com"]
[Date "2021.08.27"]
[Round "3.1"]
[White "Miguel, Sergio"]
[Black "Fejzullahu, Afrim"]
[Result "1/2-1/2"]
[WhiteElo "2179"]
[BlackElo "2259"]
[PlyCount "120"]
[EventDate "2021.08.27"]
[EventType "team"]
[EventRounds "9"]
[SourceVersionDate "2018.05.14"]
[WhiteTeam "Angola"]
[BlackTeam "Kosovo"]
[WhiteTeamCountry "ANG"]
[BlackTeamCountry "KOS"]

1. e4 e5 2. Nf3 Nc6 3. Bc4 Nf6 4. d3 Be7 5. c3 O-O 6. O-O d5 7. exd5 Nxd5 8.
Re1 Nb6 9. Bb3 Bg4 10. h3 Bh5 11. Nbd2 Qxd3 12. Nxe5 Bxd1 13. Nxd3 Bxb3 14.
Nxb3 Bd6 15. Ndc5 Rab8 16. Ne4 Be7 17. Kf1 Nc4 18. Re2 Rfe8 19. Bf4 Rbc8 20.
Rae1 Kf8 21. Nbc5 b6 22. Na6 N4e5 23. Rd1 f6 24. Bg3 Red8 25. Rxd8+ Rxd8 26. f4
Rd1+ 27. Kf2 Nd3+ 28. Ke3 f5 29. Nf2 Nxf2 30. Bxf2 Bd6 31. Kf3 Rd3+ 32. Be3 Rd5
33. a3 Na5 34. Nb4 Bxb4 35. axb4 Nc4 36. Bd4 Kf7 37. b3 Nd6 38. Re5 c6 39. Ke3
g6 40. Rxd5 cxd5 41. Be5 Ne4 42. Kd4 Ke6 43. b5 Nd2 44. Bb8 Nxb3+ 45. Ke3 Kd7
46. g4 Kc8 47. Be5 Kb7 48. Kd3 a5 49. bxa6+ Kxa6 50. gxf5 gxf5 51. Bc7 Kb5 52.
Bd6 Kc6 53. Bf8 b5 54. Bb4 Kb6 55. Bf8 Kc7 56. Bb4 Kc6 57. Ke3 Kd7 58. Kd3 Kc6
59. Ke3 Kb6 60. Kd3 Kc6 1/2-1/2

[Event "2021 FIDE Online Olympiad"]
[Site "Chess.com"]
[Date "2021.08.27"]
[Round "3.2"]
[White "Bardhi, Valmor"]
[Black "Dias, Vanderson"]
[Result "1/2-1/2"]
[WhiteElo "2171"]
[BlackElo "2178"]
[PlyCount "123"]
[EventDate "2021.08.27"]
[EventType "team"]
[EventRounds "9"]
[SourceVersionDate "2018.05.14"]
[WhiteTeam "Kosovo"]
[BlackTeam "Angola"]
[WhiteTeamCountry "KOS"]
[BlackTeamCountry "ANG"]

1. e4 c6 2. d4 d5 3. Nc3 dxe4 4. Nxe4 Nf6 5. Ng5 h6 6. N5f3 Bg4 7. h3 Bxf3 8.
Nxf3 e6 9. Bd3 Bd6 10. Qe2 Qc7 11. Bd2 Nbd7 12. O-O-O O-O-O 13. Kb1 Rhe8 14.
Bc4 Bf4 15. Bb4 Nd5 16. Ba3 Bd6 17. Bxd6 Qxd6 18. Bb3 Nf4 19. Qd2 g5 20. g3 Ng6
21. h4 g4 22. h5 Ne7 23. Nh2 Rg8 24. Qxh6 Nf5 25. Qd2 Nf6 26. c3 Nxh5 27. Nxg4
Nhxg3 28. fxg3 Rxg4 29. Rh7 Rf8 30. Bc2 Rxg3 31. Bxf5 exf5 32. Rf1 Qg6 33. Rh6
Qg4 34. Rf6 Rf3 35. Re1 Qf4 36. Qxf4 Rxf4 37. Re7 Rf2 38. Rfxf7 Rxf7 39. Rxf7
a6 40. a4 Kb8 41. Ka2 Ka7 42. a5 f4 43. Ka3 f3 44. b3 Rf1 45. Kb4 f2 46. Kc4
Ra1 47. Rxf2 Rxa5 48. Rf7 Rh5 49. Kb4 a5+ 50. Ka4 Ka6 51. c4 Rh4 52. Rd7 b5+
53. cxb5+ cxb5+ 54. Ka3 Rh1 55. Rd6+ Kb7 56. Kb2 Rh2+ 57. Kc3 Rh3+ 58. Kc2 Rg3
59. Kb2 Rh3 60. Kc2 Rg3 61. Kb2 Rh3 62. Kc2 1/2-1/2

[Event "2021 FIDE Online Olympiad"]
[Site "Chess.com"]
[Date "2021.08.27"]
[Round "3.3"]
[White "Caxita, Esperanca"]
[Black "Saraci, Ndriqona"]
[Result "0-1"]
[WhiteElo "1837"]
[BlackElo "1225"]
[PlyCount "92"]
[EventDate "2021.08.27"]
[EventType "team"]
[EventRounds "9"]
[SourceVersionDate "2018.05.14"]
[WhiteTeam "Angola"]
[BlackTeam "Kosovo"]
[WhiteTeamCountry "ANG"]
[BlackTeamCountry "KOS"]

1. e4 c5 2. Nc3 e6 3. Nf3 a6 4. Be2 Qc7 5. d3 d6 6. Be3 b5 7. O-O Bb7 8. Re1
Nf6 9. h3 Nbd7 10. Bf4 e5 11. Bg3 g6 12. Qd2 Bg7 13. Nh2 O-O 14. Rf1 b4 15. Nd1
a5 16. Ne3 d5 17. exd5 Nxd5 18. Nxd5 Bxd5 19. Bf3 Qb7 20. c3 f5 21. Bxd5+ Qxd5
22. Nf3 a4 23. cxb4 f4 24. Bh2 cxb4 25. Qxb4 Qxd3 26. Rfd1 Qf5 27. Qb5 Ra7 28.
Rd5 Rb8 29. Qc4 Qf7 30. Rad1 h6 31. Qc6 Rbb7 32. b4 axb3 33. axb3 Rc7 34. Qb5
Rab7 35. Qd3 Kh7 36. b4 Nb6 37. Nxe5 Bxe5 38. Rxe5 Nc4 39. Rc5 Nb2 40. Qd5 Nxd1
41. Rxc7 Rxc7 42. Qxd1 Qd5 43. Qe1 Qe5 44. Qf1 Rc2 45. g3 Re2 46. gxf4 Qe4 0-1

[Event "2021 FIDE Online Olympiad"]
[Site "Chess.com"]
[Date "2021.08.27"]
[Round "3.4"]
[White "Saraci, Rinesa"]
[Black "Pires, Luzia"]
[Result "0-1"]
[WhiteElo "1184"]
[BlackElo "1655"]
[PlyCount "58"]
[EventDate "2021.08.27"]
[EventType "team"]
[EventRounds "9"]
[SourceVersionDate "2018.05.14"]
[WhiteTeam "Kosovo"]
[BlackTeam "Angola"]
[WhiteTeamCountry "KOS"]
[BlackTeamCountry "ANG"]

1. e4 c5 2. Nf3 g6 3. Nc3 Bg7 4. d3 d6 5. Bd2 Nf6 6. Be2 O-O 7. O-O Nc6 8. h3
a6 9. a3 b5 10. Na2 Bb7 11. Rb1 Rc8 12. Bc3 h6 13. Qd2 Kh7 14. Bxf6 Bxf6 15.
Nc3 Bg7 16. Nh2 e6 17. f4 f5 18. exf5 exf5 19. Bf3 Re8 20. Rbe1 Qd7 21. b3 Nd4
22. Bxb7 Qxb7 23. Nf3 b4 24. axb4 cxb4 25. Na2 Rxc2 26. Qxb4 Nxf3+ 27. gxf3
Qa7+ 28. Kh1 Rxe1 29. Rxe1 Qf2 0-1

[Event "2021 FIDE Online Olympiad"]
[Site "Chess.com"]
[Date "2021.08.27"]
[Round "3.5"]
[White "Junior, Domingos"]
[Black "Dobraj, Bleron"]
[Result "1-0"]
[WhiteElo "1874"]
[BlackElo "1879"]
[PlyCount "133"]
[EventDate "2021.08.27"]
[EventType "team"]
[EventRounds "9"]
[SourceVersionDate "2018.05.14"]
[WhiteTeam "Angola"]
[BlackTeam "Kosovo"]
[WhiteTeamCountry "ANG"]
[BlackTeamCountry "KOS"]

1. e4 c5 2. Nf3 Nc6 3. d4 cxd4 4. Nxd4 e6 5. c4 Nf6 6. Nc3 d5 7. cxd5 exd5 8.
Nxc6 bxc6 9. exd5 Nxd5 10. Nxd5 Qxd5 11. Qxd5 cxd5 12. Bb5+ Bd7 13. Bxd7+ Kxd7
14. O-O Bc5 15. Bf4 Rhe8 16. Rfd1 d4 17. Rac1 Bb6 18. Be3 Re4 19. Bxd4 Bxd4 20.
Rc4 Rb8 21. Rcxd4+ Rxd4 22. Rxd4+ Ke6 23. b3 Rc8 24. g3 a5 25. Kg2 Rb8 26. Kf3
h6 27. Ke4 Rb5 28. g4 g6 29. h3 h5 30. f4 h4 31. Rc4 Kd6 32. g5 Ke6 33. Rc6+
Ke7 34. Kf3 a4 35. bxa4 Rb2 36. Rc4 Rxa2 37. Kg4 f5+ 38. gxf6+ Kxf6 39. Rc6+
Kf7 40. Ra6 Rf2 41. a5 Kg7 42. Rb6 Ra2 43. a6 Ra4 44. Kg5 Ra5+ 45. Kxh4 Kh6 46.
Kg4 Ra1 47. f5 Ra4+ 48. Kg3 Ra3+ 49. Kg2 Ra2+ 50. Kf1 Ra1+ 51. Ke2 Ra2+ 52. Kd1
Ra3 53. h4 Kh5 54. fxg6 Kh6 55. Kc2 Ra4 56. Kb3 Ra5 57. Kb4 Ra1 58. Kb5 Kg7 59.
Kc6 Re1 60. a7 Re6+ 61. Kb5 Re5+ 62. Ka6 Re8 63. h5 Kh6 64. Rb8 Re6+ 65. Kb5
Re5+ 66. Kc6 Re6+ 67. Kd5 1-0

[Event "2021 FIDE Online Olympiad"]
[Site "Chess.com"]
[Date "2021.08.27"]
[Round "3.6"]
[White "Recica, Jona"]
[Black "Antonio, Renelsa Taiane"]
[Result "0-1"]
[WhiteElo "1000"]
[BlackElo "1088"]
[PlyCount "92"]
[EventDate "2021.08.27"]
[EventType "team"]
[EventRounds "9"]
[SourceVersionDate "2018.05.14"]
[WhiteTeam "Kosovo"]
[BlackTeam "Angola"]
[WhiteTeamCountry "KOS"]
[BlackTeamCountry "ANG"]

1. e4 e5 2. Nf3 Nc6 3. Bc4 h6 4. O-O Nf6 5. Nc3 Be7 6. d3 O-O 7. Be3 a6 8. d4
exd4 9. Bxd4 Nxd4 10. Nxd4 d6 11. h3 b5 12. Bd5 Nxd5 13. Nxd5 Bb7 14. Re1 Bf6
15. Ne3 Bxe4 16. Qg4 Bxd4 17. Qxe4 Bxb2 18. Rab1 Bf6 19. Qg4 Qc8 20. Nf5 Kh7
21. Qe4 g6 22. Ne7 Bxe7 23. Qxe7 Qd8 24. Qe4 Qd7 25. c4 Rfe8 26. Qd5 c6 27. Qd3
Re6 28. c5 Rd8 29. Rbd1 Rxe1+ 30. Rxe1 dxc5 31. Qa3 Qa7 32. Rc1 c4 33. Qb4 a5
34. Qc3 Rd3 35. Qf6 Qd7 36. Re1 Rd1 37. Rxd1 Qxd1+ 38. Kh2 Qd5 39. f3 b4 40.
Qb2 c3 41. Qc2 Qd2 42. Qb3 Kg7 43. Qc4 c2 44. Qc5 Qf4+ 45. g3 Qd2+ 46. Kh1
c1=R+ 0-1

[Event "2021 FIDE Online Olympiad"]
[Site "Chess.com"]
[Date "2021.08.27"]
[Round "3.1"]
[White "Mate, Balazs"]
[Black "Mohamed Saeed, Laily"]
[Result "1/2-1/2"]
[WhiteElo "2110"]
[BlackElo "1591"]
[PlyCount "213"]
[EventDate "2021.08.27"]
[EventType "team"]
[EventRounds "9"]
[SourceVersionDate "2018.05.14"]
[WhiteTeam "ICCD"]
[BlackTeam "United Arab Emirates"]
[BlackTeamCountry "UAE"]

1. e4 c6 2. d4 d5 3. Nd2 dxe4 4. Nxe4 Nf6 5. Nxf6+ exf6 6. c3 Bd6 7. Nf3 O-O 8.
Be2 Re8 9. O-O Nd7 10. h3 Nf8 11. Be3 Ng6 12. Qd2 f5 13. Qd3 Qc7 14. Rfe1 Bd7
15. Qc2 Bf4 16. Bd3 Bxe3 17. fxe3 Ne7 18. Ne5 f6 19. Qb3+ Nd5 20. Nxd7 Qxd7 21.
e4 fxe4 22. Bxe4 Kh8 23. Bxd5 cxd5 24. Qc2 Re7 25. Rxe7 Qxe7 26. Qf5 Qe3+ 27.
Kh1 Rd8 28. Rf1 Kg8 29. Kh2 Qe7 30. Rf2 Qd6+ 31. Qf4 Kf7 32. Qxd6 Rxd6 33. Re2
a5 34. a3 a4 35. Kg3 f5 36. Kf4 Kf6 37. h4 g6 38. g4 fxg4 39. Kxg4 h6 40. Re5
Rb6 41. Re2 Re6 42. Rf2+ Kg7 43. Kg3 Re4 44. Kh3 Re3+ 45. Kg4 h5+ 46. Kf4 Re4+
47. Kg3 Re3+ 48. Kg2 Kh6 49. Kh2 Re6 50. Kg3 g5 51. hxg5+ Kxg5 52. Kh3 Re3+ 53.
Kh2 Kg4 54. Kg2 h4 55. Kh2 h3 56. Rd2 Kf4 57. Rf2+ Ke4 58. Rd2 Rf3 59. Re2+ Kd3
60. Re5 Kc4 61. Re2 Kd3 62. Re5 Rf2+ 63. Kxh3 Rxb2 64. Rxd5 Kxc3 65. Ra5 Kb3
66. d5 Kxa3 67. d6 Rd2 68. Rb5 Rxd6 69. Rxb7 Ka2 70. Kg3 a3 71. Kf2 Ka1 72. Ke2
a2 73. Rb3 Rd7 74. Ke1 Rd5 75. Ke2 Rd8 76. Ke1 Rh8 77. Kd2 Rh1 78. Kc2 Rh2+ 79.
Kc1 Rh1+ 80. Kc2 Rb1 81. Ra3 Rb2+ 82. Kc1 Rb6 83. Rc3 Rb7 84. Kc2 Rb1 85. Rc5
Rb2+ 86. Kc1 Rh2 87. Rb5 Rh6 88. Rc5 Rb6 89. Kc2 Rb8 90. Kc1 Rb2 91. Rc4 Rb1+
92. Kc2 Rh1 93. Rc5 Rh2+ 94. Kc1 Rh1+ 95. Kc2 Rb1 96. Rc4 Rb2+ 97. Kc1 Rb7 98.
Rc5 Rd7 99. Kc2 Rh7 100. Kc1 Rh2 101. Rc4 Rh1+ 102. Kc2 Rh2+ 103. Kc1 Rb2 104.
Rc5 Rb1+ 105. Kc2 Rb7 106. Kc1 Rb2 107. Rc4 1/2-1/2

[Event "2021 FIDE Online Olympiad"]
[Site "Chess.com"]
[Date "2021.08.27"]
[Round "3.2"]
[White "Khalifah, Khaled"]
[Black "Pokotaiev, Vladyslav"]
[Result "1/2-1/2"]
[WhiteElo "1555"]
[BlackElo "1849"]
[PlyCount "44"]
[EventDate "2021.08.27"]
[EventType "team"]
[EventRounds "9"]
[SourceVersionDate "2018.05.14"]
[WhiteTeam "United Arab Emirates"]
[BlackTeam "ICCD"]
[WhiteTeamCountry "UAE"]

1. d4 d5 2. Bf4 Nf6 3. Nf3 c5 4. e3 Nc6 5. Nc3 a6 6. dxc5 e6 7. Bd3 Bxc5 8. O-O
O-O 9. a3 b5 10. e4 d4 11. e5 Nxe5 12. Bxe5 dxc3 13. Bxc3 Bb7 14. b4 Be7 15.
Be5 Rc8 16. Qe2 Nd7 17. Bb2 Bf6 18. Bxf6 Qxf6 19. Be4 Bxe4 20. Qxe4 Qc3 21.
Rfc1 Nf6 22. Qb7 Ra8 1/2-1/2

[Event "2021 FIDE Online Olympiad"]
[Site "Chess.com"]
[Date "2021.08.27"]
[Round "3.4"]
[White "Anoud, Eisa Bashkardi"]
[Black "Gonchar, Svitlana"]
[Result "1-0"]
[WhiteElo "1000"]
[BlackElo "1702"]
[PlyCount "125"]
[EventDate "2021.08.27"]
[EventType "team"]
[EventRounds "9"]
[SourceVersionDate "2018.05.14"]
[WhiteTeam "United Arab Emirates"]
[BlackTeam "ICCD"]
[WhiteTeamCountry "UAE"]

1. d4 Nf6 2. Bf4 e6 3. e3 d5 4. Nf3 Bd6 5. Bg3 O-O 6. Nbd2 c5 7. c3 Nc6 8. Bd3
b6 9. Rc1 Bb7 10. Ne5 Rc8 11. O-O Qc7 12. f4 Qb8 13. Bh4 Be7 14. Bxf6 Bxf6 15.
Nd7 Qd6 16. Nxf6+ gxf6 17. Qh5 f5 18. Nf3 Ne7 19. Ng5 Kg7 20. Qxh7+ Kf6 21.
Qh6+ Ng6 22. Nh7+ Ke7 23. Nxf8 Rxf8 24. Qg5+ Ke8 25. Bb5+ Bc6 26. Bxc6+ Qxc6
27. Qg3 Rg8 28. Qf2 Qb5 29. Kh1 Qd3 30. Rfd1 Qe4 31. Qf3 Nh4 32. Qxe4 fxe4 33.
Rd2 f5 34. a4 Ke7 35. b4 Rc8 36. Rb1 cxb4 37. cxb4 Rc3 38. Re2 a6 39. a5 b5 40.
Kg1 Kd6 41. Kf2 Ng6 42. Ree1 Ne7 43. Rec1 Rc4 44. h4 Nc6 45. Rxc4 dxc4 46. Ke2
c3 47. Kd1 Kd5 48. Kc2 Kc4 49. Rb3 Nxb4+ 50. Rxb4+ Kxb4 51. h5 Kc4 52. h6 b4
53. h7 b3+ 54. Kc1 Kd3 55. h8=Q b2+ 56. Kb1 c2+ 57. Kxb2 Kd2 58. Qc8 Kxe3 59.
Qxc2 Kxf4 60. Qf2+ Kg4 61. Kb3 f4 62. Qe2+ f3 63. Qxe4+ 1-0

[Event "2021 FIDE Online Olympiad"]
[Site "Chess.com"]
[Date "2021.08.27"]
[Round "3.5"]
[White "Piekielny, Pawel"]
[Black "Al Darmaky, Sultan"]
[Result "1-0"]
[WhiteElo "1838"]
[BlackElo "1588"]
[PlyCount "65"]
[EventDate "2021.08.27"]
[EventType "team"]
[EventRounds "9"]
[SourceVersionDate "2018.05.14"]
[WhiteTeam "ICCD"]
[BlackTeam "United Arab Emirates"]
[BlackTeamCountry "UAE"]

1. e4 c5 2. Nf3 d6 3. d4 cxd4 4. Nxd4 Nf6 5. Nc3 Nc6 6. Bg5 e6 7. Qd2 a6 8.
O-O-O Bd7 9. f4 b5 10. Bxf6 gxf6 11. Nxc6 Bxc6 12. Bd3 h5 13. Kb1 Qb6 14. f5 b4
15. Ne2 Bh6 16. Qe1 Qc5 17. h4 Ke7 18. fxe6 fxe6 19. Rf1 a5 20. g3 a4 21. Nf4
Bxf4 22. gxf4 b3 23. cxb3 axb3 24. a3 Bb5 25. Qe2 Bxd3+ 26. Qxd3 Rab8 27. Rc1
Qb6 28. f5 e5 29. Qd5 Rhg8 30. Rc6 Qd8 31. Rfc1 Rb7 32. Qe6+ Kf8 33. Rc8 1-0

[Event "2021 FIDE Online Olympiad"]
[Site "Chess.com"]
[Date "2021.08.27"]
[Round "3.6"]
[White "Rouda Essa, Alserkal"]
[Black "Grybauskaite, Ugne"]
[Result "1-0"]
[WhiteElo "1295"]
[BlackElo "1000"]
[PlyCount "59"]
[EventDate "2021.08.27"]
[EventType "team"]
[EventRounds "9"]
[SourceVersionDate "2018.05.14"]
[WhiteTeam "United Arab Emirates"]
[BlackTeam "ICCD"]
[WhiteTeamCountry "UAE"]

1. e4 e5 2. Nf3 Nc6 3. Bb5 a6 4. Ba4 b5 5. Bb3 Nf6 6. O-O h6 7. d4 d6 8. dxe5
dxe5 9. Bxf7+ Kxf7 10. Nxe5+ Ke7 11. Nxc6+ Ke8 12. Qxd8+ Kf7 13. Qd3 Bb7 14.
Qb3+ Kg6 15. Ne5+ Kh7 16. Nf7 Rg8 17. e5 Bd5 18. Qd3+ Be4 19. Qe2 Bd5 20. exf6
Bxf7 21. Qe4+ Kh8 22. Qxa8 gxf6 23. Qxa6 Bc4 24. Qxf6+ Bg7 25. Qh4 Bxf1 26.
Bxh6 Bf6 27. Bg5+ Kg7 28. Qh6+ Kf7 29. Qxf6+ Ke8 30. Qe7# 1-0

[Event "2021 FIDE Online Olympiad"]
[Site "Chess.com"]
[Date "2021.08.27"]
[Round "3.1"]
[White "Khaled.A, Hemaid"]
[Black "Adu, Oladapo"]
[Result "0-1"]
[WhiteElo "1928"]
[BlackElo "2327"]
[PlyCount "58"]
[EventDate "2021.08.27"]
[EventType "team"]
[EventRounds "9"]
[SourceVersionDate "2018.05.14"]
[WhiteTeam "Palestine"]
[BlackTeam "Nigeria"]
[WhiteTeamCountry "PLE"]
[BlackTeamCountry "NGR"]

1. e4 c5 2. Nf3 d6 3. d4 cxd4 4. Nxd4 Nf6 5. Nc3 a6 6. Bg5 e6 7. f4 Qc7 8. Qf3
Nbd7 9. O-O-O b5 10. e5 Bb7 11. Qh3 dxe5 12. Nxe6 fxe6 13. Qxe6+ Be7 14. Bxb5
axb5 15. Nxb5 Qc6 16. Nd6+ Kd8 17. fxe5 Rf8 18. Nxb7+ Qxb7 19. Rxd7+ Nxd7 20.
Bxe7+ Kc7 21. Qd6+ Kc8 22. Bxf8 Rxa2 23. b3 Qxg2 24. Qd1 Ra1+ 25. Kb2 Rxd1 26.
Rxd1 Nxf8 27. h4 Ne6 28. Rd6 Qg4 29. Rd5 Qf5 0-1

[Event "2021 FIDE Online Olympiad"]
[Site "Chess.com"]
[Date "2021.08.27"]
[Round "3.2"]
[White "Olape, Bunmi"]
[Black "Alqwasma, Mohamed"]
[Result "1-0"]
[WhiteElo "2251"]
[BlackElo "1732"]
[PlyCount "147"]
[EventDate "2021.08.27"]
[EventType "team"]
[EventRounds "9"]
[SourceVersionDate "2018.05.14"]
[WhiteTeam "Nigeria"]
[BlackTeam "Palestine"]
[WhiteTeamCountry "NGR"]
[BlackTeamCountry "PLE"]

1. e4 d6 2. d4 Nf6 3. Nc3 g6 4. Nf3 Bg7 5. Bc4 O-O 6. Bb3 c6 7. O-O Nbd7 8. Bf4
h6 9. h3 Re8 10. e5 dxe5 11. dxe5 Nh5 12. Bh2 Nc5 13. Qxd8 Rxd8 14. g4 Nxb3 15.
axb3 Bh8 16. gxh5 Bxh3 17. hxg6 Bxf1 18. gxf7+ Kxf7 19. Kxf1 a6 20. Ke2 Rg8 21.
Bf4 h5 22. Rh1 Rg4 23. Bg3 Kg6 24. Na4 Ra7 25. Nb6 Bg7 26. Nc8 Ra8 27. Nxe7+
Kf7 28. Nf5 Rh8 29. e6+ Kxe6 30. Nxg7+ Rxg7 31. Be5 Rgh7 32. Bxh8 Rxh8 33. Ke3
Kf5 34. Rh4 Re8+ 35. Kd3 Rh8 36. Kc4 b6 37. Rd4 Re8 38. Kd3 Re6 39. c4 a5 40.
Rh4 Re8 41. Rd4 Re6 42. Rd7 Rh6 43. Nh4+ Kg4 44. Rd4+ Kh3 45. Nf5 Rf6 46. Rh4+
Kg2 47. Rxh5 Kxf2 48. Nd4 Rd6 49. Rf5+ Kg3 50. Kc3 Kg4 51. Rf7 Rh6 52. Rc7 c5
53. Nb5 Kf4 54. Rd7 Ke4 55. Rd6 Rh3+ 56. Kc2 Rh2+ 57. Kb1 a4 58. Nc3+ Ke5 59.
Rd5+ Ke6 60. Nxa4 b5 61. Nxc5+ Ke7 62. cxb5 Rh4 63. b6 Rb4 64. b7 Rb5 65. Kc2
Ke8 66. Kc3 Ke7 67. b4 Ke8 68. Kc4 Rb6 69. b5 Ke7 70. b4 Ke8 71. Kb3 Ke7 72.
Ka4 Rxb7 73. Nxb7 Ke6 74. Rd3 1-0